MARC

LEADER 00000nam0a2200000 4500
001 32898
005 20231101210126.0
035 |a (RuTPU)RU\TPU\book\33209 
035 |a BOOK00000002 
090 |a 32898 
100 |a 20011210d1976 km y0rusy50 ca 
101 0 |a rus 
102 |a RU 
105 |a a z 001zy 
200 1 |a Гидродинамика газожидкостных систем  |f С. С. Кутателадзе, М. А. Стырикович 
205 |a 2-е изд., перераб. и доп. 
210 |a Москва  |c Энергия  |d 1976 
215 |a 296 с.  |c ил. 
320 |a Библиогр.: с. 288-296. 
610 1 |a гидродинамика 
610 1 |a газожидкостные смеси 
610 1 |a газожидкостные системы 
610 1 |a параметры 
610 1 |a уравнения 
610 1 |a пленки жидкие 
610 1 |a трубы круглые 
610 1 |a кипение 
610 1 |a жидкости 
610 1 |a акустические волны 
675 |a 532.5  |v 3 
700 1 |a Кутателадзе  |b С. С.  |g Самсон Семенович 
701 1 |a Стырикович  |b М. А.  |c теплоэнергетик и теплофизик  |c академик РАН  |f 1902-1995  |g Михаил Адольфович  |2 stltpush  |3 (RuTPU)RU\TPU\pers\7583  |9 1473 
801 0 |a RU  |b 63413507  |c 20011210  |g PSBO 
801 2 |a RU  |b 63413507  |c 20161202  |g PSBO 
942 |c BK